Computer oriented numerical methods (Record no. 417)

MARC details
000 -LEADER
fixed length control field 00469 a2200181 4500
001 - CONTROL NUMBER
control field 066349
003 - CONTROL NUMBER IDENTIFIER
control field OSt
005 - DATE AND TIME OF LATEST TRANSACTION
control field 20210927134723.0
008 - FIXED-LENGTH DATA ELEMENTS--GENERAL INFORMATION
fixed length control field
082 ## - DEWEY DECIMAL CLASSIFICATION NUMBER
Classification number 519.5028
Item number S31C
100 1# - MAIN ENTRY--PERSONAL NAME
Personal name Salaria, R.S.
245 1# - TITLE STATEMENT
Title Computer oriented numerical methods
Statement of responsibility, etc by R.S. Salaria
250 ## - EDITION STATEMENT
Edition statement 4th ed.
260 ## - PUBLICATION, DISTRIBUTION, ETC. (IMPRINT)
Place of publication, distribution, etc New Delhi
Name of publisher, distributor, etc Khanna Book
Date of publication, distribution, etc 2009
300 ## - PHYSICAL DESCRIPTION
Extent 520p.
690 ## - LOCAL SUBJECT ADDED ENTRY--TOPICAL TERM (OCLC, RLIN)
Topical term or geographic name as entry element Numerical analysis; Computer arithmetic
942 ## - ADDED ENTRY ELEMENTS (KOHA)
Source of classification or shelving scheme Dewey Decimal Classification
Koha item type Books
Holdings
Withdrawn status Lost status Source of classification or shelving scheme Damaged status Not for loan Collection code Home library Current library Date acquired Source of acquisition Cost, normal purchase price Full call number Barcode Date last seen Price effective from Koha item type
    Dewey Decimal Classification     General Text Book Central University Of Rajasthan Central University Of Rajasthan 07/03/2012 CSC 310.00 519.5028 S31C 635 21/11/2024 02/09/2020 Books